La competencia lingüìstica: crítica de la génesis y del desarrollo de la teoría de Chomsky

Uloženo v:
Podrobná bibliografie
Hlavní autor: Caravedo, Rocío (Autor)
Médium: Kniha
Jazyk:španělština
Vydáno: Madrid Gredos 1990
Edice:Biblioteca romántica hispánica, 373
Témata:
Tagy: Přidat tag
Žádné tagy, Buďte první, kdo vytvoří štítek k tomuto záznamu!

MARC

LEADER 00000nam a2200000 a 4500
001 UCX4541
003 CL-VaPUC
008 920610e19900000SP |||||||||||||||||spa|d
082 0 4 |a 410  |b CAR  |2 21 
100 |a Caravedo, Rocío  |e author  |9 464774 
245 1 3 |a La competencia lingüìstica: crítica de la génesis y del desarrollo de la teoría de Chomsky 
300 |a 350 p 
942 |c BK 
945 |d 19920610 00:00:00 
260 |a Madrid  |b Gredos  |c 1990 
600 0 7 |a CHOMSKY, NOAM  |2 CL-VaPUC  |9 320717 
650 0 |a Lingüística  |9 265068 
650 0 |a Crítica e interpretación   |9 255042 
583 |a last modification  |c 19920610 00:00:00  |k Rodrigo Vera 
490 0 |a Biblioteca romántica hispánica, 373 
999 |c 224976  |d 224974 
952 |0 0  |1 0  |4 0  |6 410_000000000000000_CAR_1990  |7 0  |8 A  |9 222105  |a FDOPOS  |b FDOPOS  |d 2019-11-15  |i 2909537  |o 410 CAR 1990  |p 2909537  |r 2025-01-22  |w 2019-11-15  |y BK  |k MLA 
952 |0 0  |1 0  |4 0  |6 410_000000000000000_CAR_1990  |7 0  |8 A  |9 222106  |a FDOPOS  |b BIBEDU  |d 2019-11-15  |i 4089472  |l 3  |o 410 CAR 1990  |p 4089472  |r 2023-04-25  |s 2023-03-27  |w 2019-11-15  |y BK  |k MLA